| 000 | 00688nam a2200181Ia 4500 | ||
|---|---|---|---|
| 008 | 230921s9999||||xx |||||||||||||| ||und|| | ||
| 020 | _a978-3-030-10871-7 | ||
| 022 | _a2522-8722 | ||
| 041 | _aEN | ||
| 100 | _aDean Hawkes, Hocine Bougdah, Federica Rosso, Nicola Cavalagli, Mahmoud Yousef M. Ghoneem, Chaham Alalouch, Nabil Mohareb | ||
| 245 | 0 | _aConservation of Architectural Heritage | |
| 250 | _a1st ed. 2019 | ||
| 260 |
_c2019 _bSpringer International Publishing |
||
| 440 | _aAdvances in Science, Technology & Innovation | ||
| 856 | _uhttps://doi.org/10.1007/978-3-030-10871-7 | ||
| 856 | _uhttps://link.springer.com/openurl?genre=book&isbn=978-3-030-10871-7 | ||
| 942 | _cEB | ||
| 999 |
_c261155 _d261155 |
||